Logo BPK

Biblioteka

Politechniki Koszalińskiej

Analiza naprężeń w płytach dennych stalowych zbiorników cylindrycznych na podłożu nieciągłym / (Rekord nr 21312)

Szczegóły MARC
000 -ETYKIETA REKORDU
podpole kontrolne o stałej długości 00606nam a2200181 i 4500
001 - NUMER KONTROLNY REKORDU
pole kontrolne bg
040 ## - ŹRÓDŁO KATALOGOWANIA
Instytucja, która utworzyła rekord BPK
041 ## - KOD JĘZYKA
Kod języka tekstu pol
080 ## - UNIWERSALNA KLASYFIKACJA DZIESIĘTNA - UKD
UKD 621.6:539.3/.6
008 - POLE O STAŁEJ DŁUGOŚCI - DANE KONTROLNE
podpole kontrolne o stałej długości s pl f |000 0 pol
100 1# - NAZWA OSOBOWA
Nazwa osobowa BACZYŃSKI, Zbigniew F.
245 #0 - TYTUŁ/ODPOWIEDZIALNOŚĆ
Tytuł Analiza naprężeń w płytach dennych stalowych zbiorników cylindrycznych na podłożu nieciągłym /
Pozostałe elementy strefy tytułu i oznaczenia odpowiedzialności Z. Baczyński, M. Janas.
260 ## - STREFA ADRESU WYDAWNICZEGO
Miejsce wydania Warszawa,
Data publikacji, dystrybucji/powstania dokumentu 1979.
490 1# - STREFA SERII I DOKUMENTU WIELOCZĘŚCIOWEGO - FORMA NIE DO WYSZUKIWANIA
Tytuł i oznaczenie odpowiedzialności serii Prace Instytutu Podstawowych Problemów Techniki PAN ;
Numeracja w obrębie serii 7
700 1# - HASŁO DODATKOWE - NAZWA OSOBOWA
Nazwa osobowa JANAS, Marek
830 ## - HASŁO DODATKOWE SERII LUB DOKUMENTU WIELOCZĘŚCIOWEGO - TYTUŁ UJEDNOLICONY
Tytuł ujednolicony Prace Instytutu Podstawowych Problemów Techniki PAN ;
856 ## - LOKALIZACJA I DOSTĘP DO ELEKTRONICZNYCH DOKUMENTÓW ZDALNYCH
Link (URL) http://koha.tu.koszalin.pl/cgi-bin/koha/opac-detail.pl?biblionumber=21312
Tekst linku Katalog online BPK
942 ## - DODATKOWE ELEMENTY (KOHA)
Typ dokumentu Książka
Egzemplarze
Wycofany Status egzemplarza Uszkodzony Dostępność Lokalizacja stała Lokalizacja bieżąca Miejsce przechowywania Sygnatura Kod kreskowy Typ dokumentu
      Dostępny Biblioteka Politechniki Koszalińskiej Biblioteka Politechniki Koszalińskiej Wypożyczalnia BG 29908 01602555 Książka
© 2023 Biblioteka Politechniki Koszalińskiej :: KOHA